Synthesis and Characterization of Magnetic Nanoparticles for Photo-Voltaic Applications/ (Record no. 615344)

000 -LEADER
fixed length control field 00549nam a22001577a 4500
003 - CONTROL NUMBER IDENTIFIER
control field NUST
038 ## - RECORD CONTENT LICENSOR
Staff Name Nusrat Nadeem
082 ## - DEWEY DECIMAL CLASSIFICATION NUMBER
Classification number 200
100 ## - MAIN ENTRY--PERSONAL NAME
Personal name Shahid Khan, Irum
245 ## - TITLE STATEMENT
Title Synthesis and Characterization of Magnetic Nanoparticles for Photo-Voltaic Applications/
Statement of responsibility, etc. Irum Shahid Khan,
264 ## - PRODUCTION, PUBLICATION, DISTRIBUTION, MANUFACTURE, AND COPYRIGHT NOTICE
Place of production, publication, distribution, manufacture Islamabad:
Name of producer, publisher, distributor, manufacturer SCME NUST.
Date of production, publication, distribution, manufacture, or copyright notice 2025.
650 ## - SUBJECT ADDED ENTRY--TOPICAL TERM
Topical term or geographic name entry element PhD-Materials Engineering
700 ## - ADDED ENTRY--PERSONAL NAME
Personal name Supervisor: Prof. Dr. Iftikhar Hussain Gul
856 ## - ELECTRONIC LOCATION AND ACCESS
Uniform Resource Identifier <a href=" http://10.250.8.41:8080/xmlui/handle/123456789/55163"> http://10.250.8.41:8080/xmlui/handle/123456789/55163</a>
942 ## - ADDED ENTRY ELEMENTS (KOHA)
Source of classification or shelving scheme
Koha item type Soft Copy
Holdings
Withdrawn status Permanent Location Current Location Shelving location Date acquired Full call number Barcode Koha item type
  Central Library (CL) Central Library (CL) Thesis 11/13/2025 200 CLPT-766 Soft Copy
© 2023 Central Library, National University of Sciences and Technology. All Rights Reserved.